Pintura valenciana del siglo XIX (Record no. 16922)
[ view plain ]
| 000 -LEADER | |
|---|---|
| campo de control de longitud fija | 00914nam a2200217 4500 |
| 001 - NÚMERO DE CONTROL | |
| campo de control | 16922 |
| 003 - IDENTIFICADOR DE NÚMERO DE CONTROL | |
| campo de control | ES-MaACL |
| 005 - FECHA Y HORA DE LA ÚLTIMA TRANSACCIÓN | |
| campo de control | 20250815160327.0 |
| 007 - CAMPO FIJO DE DESCRIPCIÓN FÍSICA--INFORMACIÓN GENERAL | |
| campo de control de longitud fija | t| |
| 008 - DATOS DE LONGITUD FIJA--INFORMACIÓN GENERAL | |
| campo de control de longitud fija | 001122s19860000sp a ||||0| spa d |
| 080 ## - NÚMERO DE LA CLASIFICACIÓN DECIMAL UNIVERSAL | |
| Número de la Clasificación Decimal Universal | 75.035(467.3):061.43(467.31)"1986" |
| 245 00 - MENCIÓN DEL TÍTULO | |
| Título | Pintura valenciana del siglo XIX |
| Resto del título | : [exposición], Centro de Exposiciones y Congresos, Caja de Ahorros y Monte del Piedad de Zaragoza, Aragón y Rioja, del 7 de febrero al 25 de marzo de 1986. |
| 260 ## - PUBLICACIÓN, DISTRIBUCIÓN, ETC. | |
| Lugar de publicación, distribución, etc. | [Zaragoza] : |
| Nombre del editor, distribuidor, etc. | Caja de Ahorros y Monte de Piedad de Zaragoza, Aragón y Rioja, |
| Fecha de publicación, distribución, etc. | [1986] |
| 300 ## - DESCRIPCIÓN FÍSICA | |
| Extensión | 51 p. : |
| Otras características físicas | il. col. y n. ; |
| Dimensiones | 30 cm. |
| 650 #4 - PUNTO DE ACCESO ADICIONAL DE MATERIA--TÉRMINO DE MATERIA | |
| Término de materia o nombre geográfico como elemento de entrada | Pintura- |
| Subdivisión geográfica | Comunidad Valenciana- |
| Subdivisión cronológica | S.XIX- |
| Subdivisión de forma | Exposiciones |
| 9 (RLIN) | 16092 |
| 655 #7 - TERMINO DE INDIZACIÓN--GENERO/FORMA | |
| Fuente del término | tgfbne |
| 9 (RLIN) | 193628 |
| Datos o término principal de género/forma | Catálogos de exposiciones |
| 710 2# - ENTRADA AGREGADA--NOMBRE DE ENTIDAD CORPORATIVA | |
| Nombre de entidad corporativa o nombre de jurisdicción como elemento de entrada | Caja de Ahorros y Monte de Piedad de Zaragoza, Aragón y Rioja. |
| 9 (RLIN) | 2326 |
| 852 ## - LOCALIZACIÓN | |
| Ubicación | ES-MaACL |
| Número de control de estantería | G-2243 |
| 942 ## - ELEMENTOS DE ENTRADA SECUNDARIOS (KOHA) | |
| Fuente del sistema de clasificación o colocación | Clasificación decimal universal |
| Estatus retirado | Estado de pérdida | Estado de daño | No para préstamo | Biblioteca de origen | Biblioteca actual | Ubicación en estantería | Fecha de adquisición | Fuente de adquisición | Total de préstamos | Signatura topográfica completa | Código de barras | Visto por última vez | Precio de reemplazo | Tipo de ítem Koha |
|---|---|---|---|---|---|---|---|---|---|---|---|---|---|---|
| Biblioteca del Ateneo de Madrid | Biblioteca del Ateneo de Madrid | Depósito 2 | 17/01/2008 | G-2243 | 1017188 | 23/02/2023 | 23/02/2023 | Libro impreso |
